| 000 | 00614nam a22001697a 4500 | ||
|---|---|---|---|
| 003 | PILC | ||
| 005 | 20150604164638.0 | ||
| 008 | 150604b xxu||||| |||| 00| 0 eng d | ||
| 050 |
_aT 1 _b.C352 2006 |
||
| 100 | _aCastillo, Jennifer Marie L. | ||
| 245 |
_aAutomated billing and information system for antonio cecilia lobo castillo (ACLC) / _cJennifer Marie L. Castillo, Reuel Vernon E. Culalic. |
||
| 260 |
_aLas PiƱas City : _bSISC, _c2006. |
||
| 300 |
_av, 43 pages : _billustrations ; _c28 cm. |
||
| 500 | _aIncludes bibliographical references and appendices. | ||
| 650 | _aAutomation. | ||
| 942 |
_2lcc _cTH _kLOC |
||
| 999 |
_c284738 _d284738 |
||